| 000 | 00536nam a2200229Ia 4500 | ||
|---|---|---|---|
| 003 | OSt | ||
| 005 | 20220924150645.0 | ||
| 006 | a|||||r|||| 00| 0 | ||
| 007 | ta | ||
| 008 | 220923b |||||||| |||| 00| 0 ara d | ||
| 024 | _a334068 | ||
| 037 | _cTextual | ||
| 040 |
_aARTS _cARTS _bara |
||
| 041 |
_2ara _aara |
||
| 082 | _aDelta73:1, 28E4 | ||
| 245 | 0 | _aKitabullema | |
| 260 | _c1914 | ||
| 650 | _a MYSTICISM | ||
| 650 |
_aISLAM _9577 |
||
| 942 |
_hDelta73:1, 28E4 _cTEXL _2CC |
||
| 999 |
_c464067 _d464067 |
||